000 00922nam a22003610a 4500
001 PT39320
003 AR-LpoUNG
005 20210131230615.0
008 191001s2004||||sp |||||||||||||||||spa d
020 _a8430604316
_c$27.40
040 _aAR-LpoUNG
_bspa
_cAR-LpoUNG
_eaacr
041 _aspa
044 _asp
082 0 _a418.4 377his
100 1 _aCavallo, Guglielmo
_edir.
245 1 0 _aHistoria de la lectura en el mundo occidental
250 _a2da. ed.
260 _aMadrid :
_bTaurus,
_c2004.
300 _a667 p. :
_bgráfs., tbls.
650 4 _aANALISIS HISTORICO
650 4 _aANTIGÜEDAD
650 4 _aEDAD MEDIA
650 4 _aHISTORIA
650 4 _aLECTURA
650 4 _aRENACIMIENTO
651 4 _aDOCUMENTOS TEORICOS O METODOLOGICOS
653 _aCLASICISMO
653 _aESCOLASTICA
653 _aHUMANISMO
700 1 _aChartier, Roger
_edir.
905 _a39320
942 _cLIB
999 _c4942
_d4942